000 00845cam a2200181 4500
001 ABS60831
008 000000n1999 000 0 eng u
035 _a(Sirsi) u101334
100 _aMacrory, R.
245 _aEnvironmental assessment legally required for road scheme.
260 _c1999
490 _aENDS Report
_v(292) May 1999, 53(1)
520 _aDiscusses the implications of the decision in the case "R v St Edmundsbury Borough Council ex parte Walton", where the High Court quashed a local authority's decision to approve a road scheme because no environmental assessment had been carried out, and the approval was therefore deemed legally defective.
650 _aENVIRONMENTAL ASSESSMENT
650 _aPROPERTY-INFRASTRUCTURE-TRANSPORT INFRASTRUCTURE-ROAD INFRASTRUCTURE
690 _aPLANNING LAW AND PRACTICE
942 _n0
999 _c60481
_d60481